000 00324nam a22001457a 4500
008 210311b ||||| |||| 00| 0 eng d
020 _a9780323016117
041 _aeng
080 _26th
_a610.73
082 _a610.73
100 _a2
101 _aINF
245 _aMedical Surgical Nursing
_cLewis,M.SH
942 _2udc
_cBK
999 _c56307
_d56307